000 01297nam a2200205 i 4500
001 185890
003 ES-MaACL
005 20250929063305.0
008 160819s1966 sp |||| | spa d
100 1 _aBabin, Pierre,
_d1925-2012
_924418
245 1 0 _aCuadernos de pedagogía religiosa.
_pAdolescentes /
_cP. Babin.
250 _a[2ª ed.].
260 _aMadrid :
_bApostolado de la Prensa,
_c1966.
300 _a1 v. ;
_c23 cm.
505 8 _aContiene: 1. Para una catequesis de los jóvenes de hoy -- 2-4. Itinerario de una catequesis para los jóvenes de hoy (1ª-3ª parte) -- 5. La libertad. Respuesta cristiana del hombre invitado por Dios al diálogo -- 6. La educación para la acción apostólica -- 7. La penitencia: sacramento del perdón de Dios y de la conversión del hombre -- 8. Los Profetas Isaías y Jeremías educadores de adolescentes -- 9-11. Caminando hacia Cristo (1ª-3ª parte) -- 12. Para leer en espíritu de fe la literatura contemporánea -- 13. Verdad y mentira de las canciones de amor -- 14-16. Cristo en su Iglesia (1ª-3ª parte) -- 17. ¿Qué lugar ocupa Dios en nuestra amistad?
597 _aContiene 17 fascículos.
650 7 _aEducación cristiana de adolescentes
_2embne
_9160509
852 _aES-MaACL
_jC-30835
999 _c185890
_d185890